000
00292nam a22001217a 4500
008
230704b xxu||||| |||| 00| 0 eng d
020
_a
0421781408Hb
082
_2
6
_a
341
_b
HAR
245
_a
International Law
260
_a
London
_b
Swet & Maxwell
_c
2004
300
_a
LXI,1152p
942
_2
ddc
_c
BK
999
_c
3890
_d
3890